Dopasuj piosenkę do wykonawcy (rap #1) - Statystyki

Ogólne statystyki
  • Ten quiz został rozwiązany 30 razy
  • Średni wynik to 10 z 30
Statystyki odpowiedzi
Piosenka Wykonawca % Poprawnych
Rap God Eminem
78%
Midas Sentino
70%
Mogę dziś umierać White 2115
67%
Aromatyczne przyprawy Żabson/Mata
67%
Still D.R.E Dr.Dre/Snoop Dogg
63%
KFC Otsochodzi
56%
It was a good day Ice cube
48%
Blueface Kaz Bałagane
44%
PRIDE. Kendrick Lamar
44%
STARGAZING Travis Scott
44%
P.I.M.P 50 Cent
37%
Gangsta's Paradise Coolio/L.V.
37%
Hellstar Chivas
33%
ALONE,PART 3 XXXTentacion
33%
After Party Don Toliver
30%
Which one Drake/Central Cee
26%
Rich Nigga Shit 21 Savage/Metro boomin/Young Thug
22%
Tailor Swif A$AP Rocky
22%
Bardzo przepraszam Bedoes 2115 (pełna ksywka)
22%
Emploi Belmondo
22%
Realer N Realer Future/Juice WRLD
22%
Hypnotize The Notorious B.I.G
22%
Changes 2Pac/Talent
19%
Puma Maciura/Wirtual
19%
4 Wheeler Yuno Miles
11%
What's Up Danger Blackway/Black Caviar
7%
Jedyne co chcę dziś robić freestyle Kuqe 2115
7%
PerkySex Lil Uzi Vert
7%
Niewolnik zła Young Adisz
7%
Self control YoungBoy Never Broke Again
0%
Nie znaleziono quizów pasujących do podanych kryteriów
Rozkład punktacji
Procent ludzi z każdym wynikiem
Percentyl według liczby udzielonych odpowiedzi
Twoja historia wyników
Nie rozwiązałeś tego quizu